<?xml version="1.0" encoding="UTF-8"?>
<collection xmlns="http://www.loc.gov/MARC21/slim">
 <record>
  <leader>01298nam a22002177a 4500</leader>
  <controlfield tag="001">NCT_85195</controlfield>
  <controlfield tag="008">200930b        xxu||||| |||| 00| 0 vie d</controlfield>
  <datafield tag="999" ind1=" " ind2=" ">
   <subfield code="c">4207</subfield>
   <subfield code="d">4207</subfield>
  </datafield>
  <datafield tag="020" ind1=" " ind2=" ">
   <subfield code="a">9786049315039</subfield>
   <subfield code="c">199000</subfield>
  </datafield>
  <datafield tag="082" ind1="0" ind2="4">
   <subfield code="2">23rd ed.</subfield>
   <subfield code="a">658.4022</subfield>
   <subfield code="b">S947</subfield>
  </datafield>
  <datafield tag="100" ind1="1" ind2=" ">
   <subfield code="a">Sugars, Bradley J.</subfield>
  </datafield>
  <datafield tag="245" ind1="1" ind2="0">
   <subfield code="a">Đội ngũ tuyệt đỉnh =</subfield>
   <subfield code="b">Instant team building</subfield>
   <subfield code="c">Bradley J. Sugars ; Trịnh Ngọc Minh (Dịch) ; Đoàn Quang Thắng (Hiệu đính)</subfield>
  </datafield>
  <datafield tag="260" ind1=" " ind2=" ">
   <subfield code="a">H.</subfield>
   <subfield code="b">Công thương</subfield>
   <subfield code="c">2020</subfield>
  </datafield>
  <datafield tag="300" ind1=" " ind2=" ">
   <subfield code="a">189 tr.</subfield>
   <subfield code="c">23cm</subfield>
  </datafield>
  <datafield tag="520" ind1=" " ind2=" ">
   <subfield code="a">Giải thích tất cả các yếu tố đóng góp cho một đội ngũ tuyệt vời. Hướng dẫn tìm kiếm và tập hợp một đội ngũ nhân viên năng động, tương thích, bài bản, có chiều sâu, dài hạn giúp đưa doanh nghiệp lên một tầm cao mới về năng suất, lợi nhuận và niềm vui</subfield>
  </datafield>
  <datafield tag="653" ind1=" " ind2=" ">
   <subfield code="a">Tham khảo</subfield>
  </datafield>
  <datafield tag="700" ind1="1" ind2=" ">
   <subfield code="a">Đoàn Quang Thắng</subfield>
   <subfield code="e">Hiệu đính</subfield>
  </datafield>
  <datafield tag="700" ind1="1" ind2=" ">
   <subfield code="a">Trịnh Ngọc Minh</subfield>
   <subfield code="e">Dịch</subfield>
  </datafield>
  <datafield tag="942" ind1=" " ind2=" ">
   <subfield code="2">ddc</subfield>
   <subfield code="c">BK</subfield>
  </datafield>
  <datafield tag="952" ind1=" " ind2=" ">
   <subfield code="0">0</subfield>
   <subfield code="1">0</subfield>
   <subfield code="2">ddc</subfield>
   <subfield code="4">0</subfield>
   <subfield code="6">658_402200000000000_S947</subfield>
   <subfield code="7">0</subfield>
   <subfield code="9">20333</subfield>
   <subfield code="a">000001</subfield>
   <subfield code="b">000001</subfield>
   <subfield code="d">2020-09-30</subfield>
   <subfield code="o">658.4022 S947</subfield>
   <subfield code="p">TK.02237</subfield>
   <subfield code="r">2020-09-30</subfield>
   <subfield code="v">199000.00</subfield>
   <subfield code="w">2020-09-30</subfield>
   <subfield code="y">BK</subfield>
  </datafield>
  <datafield tag="980" ind1=" " ind2=" ">
   <subfield code="a">Thư viện Trường Đại học Nam Cần Thơ</subfield>
  </datafield>
 </record>
</collection>
